| 000 | 00372nam a22001457a 4500 | ||
|---|---|---|---|
| 005 | 20260414105330.0 | ||
| 008 | 260414b |||||||| |||| 00| 0 eng d | ||
| 020 | _a978-93-5152-418-2 | ||
| 050 |
_aRC 46.P33 2016 _b1 |
||
| 100 | _aPadhiary,kashinath | ||
| 245 | _aCOMMON MISRAKES CLINICAL MEDICINE | ||
| 250 | _aSECOND | ||
| 260 |
_aNEW DELHI _c2016 |
||
| 942 |
_2lcc _cBK |
||
| 999 |
_c216939 _d216939 |
||